00484nam a2200157Ia 4500001001000000003000500010008004100015010001100056040000900067100002200076245009300098260005800191300001000249440004100259650002600300Para_4688CHAP220125s1934 xx 000 0 und d a203129 cCHAP aWestcott, Cynthia aBrand canker of rose, caused by Caniothyrium wernsdorffiae Laubert /c Cynthia Westcott aIthaca, New York :b Agricultural Experiment Station a39 p. aNew York. Agr. Exp. Sta. Memoir; 153 aRosas x Enfermedades